| 000 | 00819cab a2200265 4500 | ||
|---|---|---|---|
| 001 | ABS53782 | ||
| 008 | 090401t1995 xxu||||| |||| 00| 0 eng d | ||
| 035 | _a(Sirsi) u6574 | ||
| 041 | _aeng | ||
| 100 | _aGoble, J. | ||
| 245 | _aChallenge in store for agents and owners of retail centres | ||
| 260 | _c1995 | ||
| 350 | _a0 | ||
| 490 |
_aProperty Week _v53(4) 26 October 1995, 32(1) |
||
| 520 | _aSummarises the implications of the Landlord and Tenant (Covenants) Act 1995 for multi-let buildings. | ||
| 650 | _aAUTHORISED GUARANTEE AGREEMENT | ||
| 650 | _aCOVENANTS | ||
| 650 | _aLANDLORD AND TENANT (COVENANTS) ACT 1995 | ||
| 650 | _aMULTI-LET BUILDINGS | ||
| 650 | _aPRIVITY OF CONTRACT | ||
| 650 | _aSHOPPING CENTRES | ||
| 690 | _aPROPERTY-LANDLORD AND TENANT | ||
| 942 | _n0 | ||
| 948 | _c04/03/1997 | ||
| 999 |
_c3931 _d3931 |
||